Statistics for Kiwi slang

Click here to take the quiz!

General Stats

  • This quiz has been taken 15 times
  • The average score is 5 of 11

Answer Stats

Not slangAnswer% Correct
Flip flopsJandals
83%
BarbieBbq
75%
SisterSis
75%
BroBrother
67%
FullChocka
58%
CousinCuzzie
58%
ToiletDunny
42%
PresentPrezzie
25%
DiedCarked it
8%
PregnantUp the duff
8%
There you have itBob's your uncle
0%

Score Distribution

Percentile by Number Answered

Percent of People with Each Score

Your Score History

You have not taken this quiz